000 00590nam a2200181 i 4500
001 32675
003 ES-MaACL
005 20250813063259.0
007 t|
008 030131s1889 fr ||||1| fre d
100 1 _aBerthelot, Marcellin,
_d1827-1907
_9125961
245 1 0 _aIntroduction á l'étude de la Chimie des anciens et du moyen age /
_cpar M. Berthelot.
260 _aParís :
_bGeorges Steinheil,
_c1889 (
_eHavre :
_fLemale et Cie)
300 _aXII, 330 p. ;
_c25 cm.
650 4 _aQuímica-
_xHistoria.
_9147552
852 _aES-MaACL
_jF-10632
999 _c32675
_d32675